000 01604nam0a2200373 4500
001 RU\NLR\bibl\1422111
005 20250615214844.0
010 _a5-89647-129-7
021 _aRU
_b2009-63121
_93893
035 _a(nilc)RSL-KNO-004367914
035 _a(NLR Aleph) 001414050
090 _a1300740
_c1300740
100 _a20090724d2007 |||y0rusy50 ca
101 1 _arus
_ceng
102 _aRU
105 _ay |||||||||
200 1 _aСовременное католическое богословие
_eхрестоматия
_f[сост. Майкл А. Хейз и Лайам Джирон]
_gпод ред. Майкла А. Хейза и Лайама Джирона
_g[пер. с англ.: Сергей Багрецов и др.]
210 _aМосква
_cБиблейско-богословский институт
_d2007
215 _a644, [1] с.
_d22
225 1 _aСовременное богословие
300 _aЗагл. ориг.: Contemporary catholic theology - a reader
320 _aБиблиогр. в конце гл.
320 _aПредм. указ.: 578-645
454 0 _12001#$aContemporary catholic theology - a reader
_tContemporary catholic theology - a reader
606 1 _aБогословие католическое
_jХрестоматии
_9994195
_3RU\NLR\auth\6658175
686 _aЭ375-4,0
_2rubbk
686 _aЭ375-4
702 1 _aХейз
_bМ. А.
_gМайкл А.
_4220
801 0 _aRU
_bРКП
_c20090724
_grcr
801 1 _aRU
_bРГБ
_c20090724
801 2 _aRU
_bNLR
_c20091009
_grcr
942 _cBOOK
980 _aNB